<?xml version="1.0" encoding="UTF-8"?>
<record
    xmlns:xsi="http://www.w3.org/2001/XMLSchema-instance"
    xsi:schemaLocation="http://www.loc.gov/MARC21/slim http://www.loc.gov/standards/marcxml/schema/MARC21slim.xsd"
    xmlns="http://www.loc.gov/MARC21/slim">

  <leader>02789    a2200217   4500</leader>
  <controlfield tag="001">63719</controlfield>
  <controlfield tag="005">20260407155935.0</controlfield>
  <controlfield tag="008">260407a2025    arg                 spa d</controlfield>
  <controlfield tag="003">AR-UNSa-BCEJYS</controlfield>
  <datafield tag="040" ind1=" " ind2=" ">
    <subfield code="a">AR-UNSa-BCEJYS</subfield>
    <subfield code="b">spa</subfield>
    <subfield code="c">AR-UNSa-BCEJYS</subfield>
  </datafield>
  <datafield tag="080" ind1=" " ind2=" ">
    <subfield code="a">159.922</subfield>
    <subfield code="x">Caracter&#xED;sticas de la vida mental. Consciencia. Desarrollo mental en los seres humanos. Psicolog&#xED;a diferencial. Psicolog&#xED;a gen&#xE9;tica. Psicolog&#xED;a del desarrollo</subfield>
  </datafield>
  <datafield tag="245" ind1="1" ind2="0">
    <subfield code="a">Salud mental en ni&#xF1;as, ni&#xF1;os y adolescentes</subfield>
    <subfield code="p">Abordaje interdisciplinario</subfield>
  </datafield>
  <datafield tag="264" ind1=" " ind2="1">
    <subfield code="a">Mendoza :</subfield>
    <subfield code="b">[s.e.]</subfield>
    <subfield code="c">2025</subfield>
  </datafield>
  <datafield tag="300" ind1=" " ind2=" ">
    <subfield code="a">214 p.</subfield>
    <subfield code="c">21 cm.</subfield>
  </datafield>
  <datafield tag="505" ind1=" " ind2=" ">
    <subfield code="a">1. Introducci&#xF3;n &#x2013; 2. Familia y comunidad &#x2013; 3. Implicaciones pr&#xE1;cticas para los profesionales &#x2013; 4. Marco normativo. Rol de abogados y jueces &#x2013; 5.  La Ley Nacional de Salud Mental y la Ley de Protecci&#xF3;n Integral de los Derechos de Ni&#xF1;as, Ni&#xF1;os y Adolescentes en el &#xE1;mbito educativo Argentino  &#x2013; 6. Redactar diagn&#xF3;sticos en la infancia y adolescencia con l&#xE1;piz &#x2013; 7. El abordaje del autismo en la Ley de Salud Mental Argentina. Impacto en el diagn&#xF3;stico y la protecci&#xF3;n de derechos &#x2013; 8. El negocio de los laboratorios y el padecimiento mental infantil &#x2013; 9. Adolescentes en hogares de tr&#xE1;nsito y la Ley de Salud Mental en Argentina  &#x2013; 10. Abordaje cl&#xED;nico integral en el consumo problem&#xE1;tico de sustancias en adolescentes v&#xED;ctimas de abuso sexual &#x2013; 11. Abordaje de abuso sexual paterno en ni&#xF1;as, ni&#xF1;os y adolescentes seg&#xFA;n la Ley de Salud Mental Argentina &#x2013; 12. Diagn&#xF3;stico de psicosis en la adolescencia seg&#xFA;n la Ley de Salud Mental Argentina &#x2013; 13. Abordaje de intentos de suicidio en adolescentes seg&#xFA;n la  Ley de Salud Mental Argentina &#x2013; 14. Principales relevancias de consumo de sustancias psicoactivas y las tendencias de mortalidad por suicidio en Argentina &#x2013; 15. Rol de los medios de comunicaci&#xF3;n en la percepci&#xF3;n social de las problem&#xE1;ticas de salud mental y adicciones &#x2013; 17. Apoyo y movilidad infantil. Acceso a servicios de salud mental para ni&#xF1;os y adolescentes &#x2013; 18. El delicado equilibrio entre el abordaje psicol&#xF3;gico y psiqui&#xE1;trico en ni&#xF1;os y adolescentes &#x2013; 19. An&#xE1;lisis  cr&#xED;tico de la aplicaci&#xF3;n no  federal de la Ley de Salud Mental Argentina &#x2013; 20. Obst&#xE1;culos para la implementaci&#xF3;n de pol&#xED;ticas de salud mental y abordaje de los consumos problem&#xE1;ticos en Argentina &#x2013; 21. Lineamientos y estrategias para fortalecer la red de servicios de salud mental y adicciones en hospitales generales &#x2013; 22. &#xBF;Est&#xE1; Argentina preparada para implementar la Ley de Salud Mental? -</subfield>
  </datafield>
  <datafield tag="041" ind1=" " ind2=" ">
    <subfield code="a">spa</subfield>
  </datafield>
  <datafield tag="942" ind1=" " ind2=" ">
    <subfield code="c">BK</subfield>
  </datafield>
  <datafield tag="590" ind1=" " ind2=" ">
    <subfield code="a">niveau_biblio:m niveau_hierar:0</subfield>
  </datafield>
  <datafield tag="100" ind1="1" ind2=" ">
    <subfield code="a">Benaroya, Sergio Gustavo</subfield>
  </datafield>
  <datafield tag="856" ind1="4" ind2="1">
    <subfield code="u">https://www.biblioeco.unsa.edu.ar/pmb/images/libros/L129426.jpg</subfield>
    <subfield code="y">Imagen de portada</subfield>
    <subfield code="q">image/jpeg</subfield>
  </datafield>
  <datafield tag="999" ind1=" " ind2=" ">
    <subfield code="c">8279</subfield>
    <subfield code="d">8279</subfield>
  </datafield>
  <datafield tag="952" ind1=" " ind2=" ">
    <subfield code="0">0</subfield>
    <subfield code="1">0</subfield>
    <subfield code="4">0</subfield>
    <subfield code="7">0</subfield>
    <subfield code="a">BCEJYS</subfield>
    <subfield code="b">BCEJYS</subfield>
    <subfield code="c">16</subfield>
    <subfield code="d">2026-04-07</subfield>
    <subfield code="l">0</subfield>
    <subfield code="o">159.922 B456</subfield>
    <subfield code="p">L129426</subfield>
    <subfield code="r">2026-04-07 15:59:35</subfield>
    <subfield code="w">2026-04-07</subfield>
    <subfield code="y">L</subfield>
  </datafield>
</record>
